The 1975 Songs - Sudden Death - Statistics

General Stats
  • This quiz has been taken 506 times
  • The average score is 9 of 21
Answers on the Grid
Answers color-coded by a green-red scale on the quiz's grid according to % correct below.
Be my Mistake
Apple
Somebody Else
It's not Living (If it's not with you)
Love Me
The City
Merry Christmas, Please don't Call
Love it if we made it
Robbers
Enjoy the Silence
About You
Oh Caroline
Your Girlfriend
Somebody to Love
Girls & Boys
The Ballad of me and my Brain
Part of the Band
Me and You Together Song
Talk Talk
People
Sex
The Downtown Lights
Changes
Happiness
Chocolate
A Change of Heart
Fortnight
Medicine
Frail State of Mind
Give Yourself a Try
Loving Someone
No Surprises
 
Answer Stats
Answer % Correct
It's not Living (If it's not with you)
65%
Robbers
62%
Somebody Else
61%
Be my Mistake
56%
Love it if we made it
55%
Chocolate
53%
About You
51%
Oh Caroline
50%
Sex
50%
Love Me
48%
The City
48%
Give Yourself a Try
43%
Me and You Together Song
40%
A Change of Heart
39%
Part of the Band
39%
Frail State of Mind
34%
The Ballad of me and my Brain
34%
Happiness
30%
Loving Someone
28%
Medicine
28%
People
28%
No matching quizzes found
Score Distribution
Percent of People with Each Score
Percentile by Number Answered
Your Score History
You have not taken this quiz